Hoplite Legendaries' Crafting Recipes - Statistics

General Stats
  • This quiz has been taken 86 times
  • The average score is 11 of 129
Answer Stats
Hint Answer % Correct
Midas Sword Enchanted Golden Apple
76%
Midas Sword Diamond Sword
49%
Midas Sword Golden Apple
41%
Midas Sword Nether Quartz
35%
Midas Sword Nether Quartz
33%
Artemis Bow Bow
27%
Artemis Bow Feather
24%
Dragon Katana Diamond Sword
20%
Dragon Katana Dragon Egg
20%
Artemis Bow Feather
20%
Artemis Bow Feather
20%
Enderbow Bow
18%
Emerald Blade Diamond Sword
18%
Dragon Katana Ender Pearl
18%
Artemis Bow Feather
18%
Artemis Bow Feather
18%
Artemis Bow Diamond
16%
Mjolnir Diamond Axe
16%
Crimson Chainsword Diamond Sword
16%
Artemis Bow Feather
16%
Gerald The Sniffer Music Disc
16%
Artemis Bow Totem of Undying
16%
Mjolnir Lodestone
14%
Mjolnir Magma Cream
14%
Crimson Chainsword Piglin Head
14%
Reaper Scythe Bone
12%
Reaper Scythe Bone
12%
Sonic Crossbow Crossbow
12%
Dragon Katana Diamond
12%
Dragon Katana Diamond
12%
Poseidon's Trident Trident
12%
Harpoon Launcher Trident
12%
Reaper Scythe Wither Skeleton Skull
12%
Reaper Scythe Bone
10%
Reaper Scythe Bone
10%
Gerald The Sniffer Diamond
10%
Gerald The Sniffer Diamond
10%
Gerald The Sniffer Mossy Cobblestone
10%
Pufferfish Cannon Pufferfish
10%
Gerald The Sniffer Diamond
8%
Gerald The Sniffer Diamond
8%
Crimson Chainsword Diamond
8%
Reaper Scythe Diamond Hoe
8%
Enderbow Eye of Ender
8%
Emerald Blade Golden Carrot
8%
Gerald The Sniffer Mossy Cobblestone
8%
Gerald The Sniffer Mossy Cobblestone
8%
Reaper Scythe Obsidian
8%
Reaper Scythe Obsidian
8%
Reaper Scythe Player Head
8%
Crimson Chainsword Powered Rail
8%
Crimson Chainsword Powered Rail
8%
Crimson Chainsword Powered Rail
8%
Crimson Chainsword Powered Rail
8%
Pufferfish Cannon Pufferfish
8%
Pufferfish Cannon TNT
8%
Enderbow Clock
6%
Sonic Crossbow Diamond
6%
Pufferfish Cannon Diamond
6%
Pufferfish Cannon Diamond
6%
Crimson Chainsword Diamond
6%
Sonic Crossbow Echo Shard
6%
Crimson Chainsword Magma Cream
6%
Gerald The Sniffer Mossy Cobblestone
6%
Poseidon's Trident Seagrass
6%
Emerald Blade Bell
4%
Emerald Blade Block of Emerald
4%
Emerald Blade Block of Emerald
4%
Harpoon Launcher Block of Redstone
4%
Harpoon Launcher Block of Redstone
4%
Harpoon Launcher Block of Redstone
4%
Harpoon Launcher Block of Redstone
4%
Harpoon Launcher Block of Redstone
4%
Harpoon Launcher Block of Redstone
4%
Lich Staff Candle
4%
Sonic Crossbow Diamond
4%
Enderbow Diamond
4%
Enderbow Diamond
4%
Lich Staff Diamond
4%
Lich Staff Diamond
4%
Sonic Crossbow Disc Fragment
4%
Sonic Crossbow Disc Fragment
4%
Sonic Crossbow Disc Fragment
4%
Sonic Crossbow Disc Fragment
4%
Sonic Crossbow Firework Star
4%
Harpoon Launcher Fishing Rod
4%
Lich Staff Ice
4%
Lich Staff Ice
4%
Pufferfish Cannon Iron Ingot
4%
Pufferfish Cannon Iron Ingot
4%
Pufferfish Cannon Iron Ingot
4%
Pufferfish Cannon Iron Ingot
4%
Harpoon Launcher Lead
4%
Poseidon's Trident Nautilus Shell
4%
Lich Staff Obsidian
4%
Lich Staff Obsidian
4%
Poseidon's Trident Seagrass
4%
Poseidon's Trident Seagrass
4%
Poseidon's Trident Seagrass
4%
Armadillo Detonator Armadillo Scute
2%
Armadillo Detonator Armadillo Scute
2%
Armadillo Detonator Armadillo Scute
2%
Armadillo Detonator Armadillo Scute
2%
Jim the Sorcerer Black Candle
2%
Jim the Sorcerer Black Candle
2%
Jim the Sorcerer Black Candle
2%
Jim the Sorcerer Black Candle
2%
Jim the Sorcerer Block of Diamond
2%
Jim the Sorcerer Block of Lapis Lazuli
2%
Jim the Sorcerer Block of Lapis Lazuli
2%
Jim the Sorcerer Block of Lapis Lazuli
2%
Jim the Sorcerer Block of Lapis Lazuli
2%
Poseidon's Trident Diamond
2%
Poseidon's Trident Diamond
2%
Armadillo Detonator Diamond
2%
Armadillo Detonator Diamond
2%
Armadillo Detonator Redstone Torch
2%
Armadillo Detonator Redstone Torch
2%
Armadillo Detonator TNT
2%
Poseidon's Trident Water Bucket
2%
Guardian Cannon Dark Prismarine
0%
Guardian Cannon Dark Prismarine
0%
Guardian Cannon Dark Prismarine
0%
Guardian Cannon Dark Prismarine
0%
Guardian Cannon Diamond
0%
Guardian Cannon Diamond
0%
Guardian Cannon Prismarine Shard
0%
Guardian Cannon Prismarine Shard
0%
Guardian Cannon Sponge
0%
No matching quizzes found
Score Distribution
Percent of People with Each Score
Percentile by Number Answered
Your Score History
You have not taken this quiz